1009 1862 1138 1617 1116 1682 1008 1293 1857 1254 1016 1190 1265 1856 1355 1557 1339 1440 1864 1753 1888 1209 1268 1178 1571 1258 1724 1194 1082 1228 1740 1801 1204 1557 1298 1047 1744 1080 1760 1137 1692 1919 1846 1404 1162 1365 1418 1981 1407 1691 1847 1890 1996 1603 1230 1085 1137 1338 1116 1911 1374 1181 1441 1415 1700 1552 1844 1137 1412 1594 1481 1565 1684 1601 1645 1079 1787 1812 1423 1075 1331 1670 1069 1013 1547 1124 1286 1647 1593 1770 1759 1257 1109 1774 1294 1655 1476 1800 1132 BCNSPRNW ULIB Ver.6.0+V

เปลี่ยนเป็นภาษาไทย

Change to English
 แสดงรายละเอียดบรรณานุกรม
  กลับหน้าหลัก

Brief Record : Get Marc (ISO 2709) : E-mail record : QR code < ปิดหน้าต่าง
LEADER : 00000nam 2200000uu 4500
001    13399124010
003     ULIB
008    141223s2556||||th 000 0 tha d
020    ^a9786162921643
060    ^aWB305^bธ676อ
100 0  ^aธีระวุฒิ ปัญญา
245 10 ^a3 ศาสตร์ ขจัดโรคออฟฟิศซินโดรม=^bBeat office syndrome with 3 alternative therapies./^cธีระวุฒิ ปัญญา
246 0  ^aBeat office syndrome with 3 alternative therapies
250    ^aพิมพ์ครั้งที่ 1.
260    ^aกรุงเทพฯ :^bฐานบัณฑิต,^c2556.
300    ^a127 หน้า :^bภาพประกอบ
650  7 ^aการนวดสรีระ
650  7 ^aกายภาพบำบัด
650  7 ^aกัวซา
945    ^p135^l0^i037659
945    ^p135^l0^i037660
945    ^p135^l0^i037661
999    ^aเกษร โพธิ์สุวรรณ
รายการนี้ยังไม่มีแท็ก
คุณยังไม่ได้ล็อกอิน คุณสามารถมีกิจกรรมร่วมกับเว็บไซต์ได้ แต่ต้องล็อกอินก่อน ::
  ล็อกอิน

รายการสื่อสารสนเทศ

ลำดับที่ ประเภท เลขเรียก/บาร์โค้ด สถานที่ สถานะ
1. วิทยาศาสตร์การแพทย์ และสุขภาพ
หนังสือสำรอง
สถานะ=หนังสือสำรอง
WB305 ธ676อ ฉ.1 
  Barcode: 037659
ห้องสมุดวิทยาเขตสวรรค์ประชารักษ์
►ส่วนจัดเก็บหนังสือเก่า สปร
บนชั้น
  ขอยืม
2. วิทยาศาสตร์การแพทย์ และสุขภาพ
วิทยาศาสตร์การแพทย์ และสุขภาพ
WB305 ธ676อ ฉ.2 
  Barcode: 037660
ห้องสมุดวิทยาเขตสวรรค์ประชารักษ์
►ส่วนจัดเก็บหนังสือเก่า สปร
บนชั้น
  ขอยืม
3. วิทยาศาสตร์การแพทย์ และสุขภาพ
วิทยาศาสตร์การแพทย์ และสุขภาพ
WB305 ธ676อ ฉ.3 
  Barcode: 037661
ห้องสมุดวิทยาเขตสวรรค์ประชารักษ์
►ส่วนจัดเก็บหนังสือเก่า สปร
บนชั้น
  ขอยืม

รายการใกล้เคียง
    ผู้แต่ง [ธีระวุฒิ ปัญญา]

    หัวเรื่อง [การนวดสรีระ]
    หัวเรื่อง [กายภาพบำบัด]
    หัวเรื่อง [กัวซา]

BibComment


ยังไม่เคยถูกคอมเมนท์

คอมเมนท์ทรัพยากรรายการนี้
  คอมเมนท์: 3 ศาสตร์ ขจัดโรค..


 Copyright 2026. Bcnsprnw @Library